One Night in Bhopal (Record no. 335065)
[ view plain ]
| 000 -LEADER | |
|---|---|
| fixed length control field | 00480nam a2200097Ia 4500 |
| 008 - FIXED-LENGTH DATA ELEMENTS--GENERAL INFORMATION | |
| fixed length control field | 170517s9999 xx 000 0 und d |
| 245 ## - TITLE STATEMENT | |
| Title | One Night in Bhopal |
| 300 ## - PHYSICAL DESCRIPTION | |
| Extent | The Bhopal disaster is one of the world's worst industrial disasters in the history of mankind. The explosion at Union Carbide plant located at the heart of the city of Bhopal caused a release of toxic gas rolled along... |
| 650 ## - SUBJECT ADDED ENTRY--TOPICAL TERM | |
| General subdivision | Technology. |
| 856 ## - ELECTRONIC LOCATION AND ACCESS | |
| Uniform Resource Identifier | <a href="http://topdocumentaryfilms.com/one-night-in-bhopal/">http://topdocumentaryfilms.com/one-night-in-bhopal/</a> |
| Withdrawn status | Lost status | Damaged status | Home library | Current library | Date acquired | Total Checkouts | Date last seen | Price effective from | Koha item type |
|---|---|---|---|---|---|---|---|---|---|
| College Library | College Library | 05/17/2017 | 05/17/2017 | 05/17/2017 | Documentary Films |